00787nam a2200241Ia 4500003000400000005001700004008004100021020002200062040000700084041001200091082001700103100003100120245003500151260003900186300001200225365001300237650002900250700002900279906006800308942001200376999001900388952013800407OSt20250813180655.0210423s2019 xx 000 0 und d a978-93-83144-61-7 cAL aEnglish a320.8 bWAVF aAnilkumar K Wavare9119805 aFinances of village panchayats aKanpurbShubham Publicationsc2019 a224bHB b995cINR aLocal Government9119806 aDhonde, Sanjay V9235374 aCurrent ; east ; India ; Available ; north ; political ; social 2ddccBK c176649d176649 001040708MSWaSACPGbSACPGd2019-09-13eSaraswathi Publisherg995.00l0o320.8 WAVFpPG023353r2022-08-24 00:00:00w2021-04-26yBK